Shahadat-E-Qurani Bar Kutub-E-Rabbani (Record no. 1467)

MARC details
000 -LEADER
fixed length control field 00619nam a2200241 a 4500
020 ## - INTERNATIONAL STANDARD BOOK NUMBER
ISBN
082 00 - DEWEY DECIMAL CLASSIFICATION NUMBER
Classification number 239
Author Cutter MUI
100 ## - MAIN ENTRY--AUTHOR NAME
Author name Muir, W
245 ## - TITLE STATEMENT
Title Shahadat-E-Qurani Bar Kutub-E-Rabbani
Sub title Testimony of the Qur`an.
260 ## - PUBLICATION, DISTRIBUTION, ETC. (IMPRINT)
Place of publication Lahore
Name of publisher Punjab Religious Booksociety
Year of publication 1905
300 ## - PHYSICAL DESCRIPTION
Number of Pages 172p
500 ## - GENERAL NOTE
General note includes index and biblioraphy
505 2# - FORMATTED CONTENTS NOTE
Formatted contents note Diference Paper and Notes
650 ## - SUBJECT ADDED ENTRY--TOPICAL TERM
Topical Term Apologetics
942 ## - ADDED ENTRY ELEMENTS (KOHA)
Koha item type Books
700 1# -
-- Muir, W
Holdings
Home library Current library Date acquired Cost, normal purchase price Full call number Accession Number Koha item type
Henry Martyn Institute Library Henry Martyn Institute Library 04/15/2016 100.00 239 MUI 2138 Archive Book
Henry Martyn Institute Library Henry Martyn Institute Library 04/15/2016 100.00 239 MUI 6824 Archive Book
Henry Martyn Institute Library Henry Martyn Institute Library 04/15/2016 100.00 239 MUI 7529 Archive Book
Henry Martyn Institute Library Henry Martyn Institute Library 04/15/2016 100.00 239 MUI 9597 Archive Book
                   Copyright © 2026 | Henry Martyn Institute | Hyderabad | TS-500052 | INDIA | Implemented by hmi.edu.in
Hit-Count:

Powered by Koha